Central Library OPAC University of Rajshahi

Religion in South Asia / (Record no. 32080)

MARC details
000 -LEADER
fixed length control field 00988nam a2200277 a 4500
001 - CONTROL NUMBER
control field 32080
003 - CONTROL NUMBER IDENTIFIER
rucl marc code BD-RjUL
005 - DATE AND TIME OF LATEST TRANSACTION
control field 20211209051803.0
008 - FIXED-LENGTH DATA ELEMENTS--GENERAL INFORMATION
fixed length control field 140423s1964 us a b 101 0 eng d
035 ## - SYSTEM CONTROL NUMBER
System control number CURL 040000082677(Lee) from mmc126
-- (BD-RjUL)32169
040 ## - CATALOGING SOURCE
Original cataloging agency DLC
Transcribing agency WSU
Modifying agency OCL
-- SER
-- BD-RjUL
Language of cataloging eng
041 ## - LANGUAGE CODE
Language code of text/sound track or separate title eng
082 ## - DEWEY DECIMAL CLASSIFICATION NUMBER
Classification number 294
Author mark and year REL 1964
111 2# - MAIN ENTRY--MEETING NAME
Meeting name or jurisdiction name as entry element Conference on Religion in South Asia
Date of meeting (1961 :
Location of meeting University of California, Berkeley)
9 (RLIN) 97635
245 10 - TITLE STATEMENT
Title Religion in South Asia /
Statement of responsibility, etc. Edited by Edward B. Harper
260 ## - PUBLICATION, DISTRIBUTION, ETC. (IMPRINT)
Place of publication, distribution, etc. Seattle :
Name of publisher, distributor, etc. University of Washington Press,
Date of publication, distribution, etc. c1964.
300 ## - PHYSICAL DESCRIPTION
Pagination [6] 199 p :
Illustrations ill. ;
Size 26 cm
504 ## - BIBLIOGRAPHY, ETC. NOTE
Bibliography, etc Includes bibliographical references and index.
650 ## - SUBJECT ADDED ENTRY--TOPICAL TERM
Topical term or geographic name as entry element Religious life and customs
9 (RLIN) 97629
651 #0 - SUBJECT ADDED ENTRY--GEOGRAPHIC NAME
Geographic name South Asia
General subdivision Religious life and customs
9 (RLIN) 97630
700 1# - ADDED ENTRY--PERSONAL NAME
Personal name Harper, Edward B.
710 2# - ADDED ENTRY--CORPORATE NAME
Corporate name or jurisdiction name as entry element University of California, Berkeley.
9 (RLIN) 97632
942 ## - ADDED ENTRY ELEMENTS (KOHA)
Source of classification or shelving scheme Dewey Decimal Classification
Koha item type Books
Holdings
Lost status Source of classification or shelving scheme Damaged status Not for loan Collection code Permanent Location Current Location Shelving location Date acquired Source of acquisition Cost, normal purchase price Total Checkouts Full call number Date last seen Copy number Koha item type
  Dewey Decimal Classification   Not For Loan Non-fiction Central Library, University of Rajshahi Central Library, University of Rajshahi Reading Room 23/06/1969 Zeitlinger 62.00   294 REL 1964 23/04/2014 C-1 Books